Sports Quiz

Random Sports or MLB Quiz

100 HR, 1 Team (1990s) Quiz Stats

 Plays Quiz Updated Jul 19, 2016

Challenge
Share
Tweet
Embed
Score 0/77 Timer 09:00
2 Plays Today
HR Player % Correct
382Ken Griffey Jr
96.8%
307Sammy Sosa
94.1%
269Barry Bonds
93.8%
246Mark McGwire
89.8%
159Mark McGwire
89.8%
301Frank Thomas
89.3%
263Jeff Bagwell
87.5%
148Alex Rodriguez
84.5%
144Ivan Rodriguez
84.1%
153Chipper Jones
80.3%
339Juan Gonzalez
78.9%
198Cal Ripken Jr
78.3%
196Edgar Martinez
77.6%
125Tino Martinez
77.4%
196Jim Thome
76.7%
163Larry Walker
74.2%
245Cecil Fielder
74.1%
198Manny Ramirez
73.6%
235Albert Belle
73.4%
126Jose Canseco
71.7%
151Bernie Williams
71.6%
213Matt Williams
71.5%
260Jay Buhner
69.8%
203Joe Carter
67.4%
107Al Martin
66%
182Rafael Palmeiro
65.9%
146Rafael Palmeiro
65.9%
136Craig Biggio
64.9%
177Brady Anderson
64.9%
230Mo Vaughn
63%
177Mike Piazza
63%
164Greg Vaughn
62.8%
201Dante Bichette
60.7%
172Andres Galarraga
58.6%
122Gary Sheffield
53.4%
130Fred McGriff
52.1%
159David Justice
51.5%
196Tim Salmon
51.2%
137Barry Larkin
50.4%
HR Player % Correct
111Kirby Puckett
49.7%
149Carlos Delgado
49.2%
203Vinny Castilla
47.9%
106Jason Giambi
45.8%
143Ryne Sandberg
45.4%
119Shawn Green
45.3%
146Paul O'Neill
43.7%
127Tony Clark
41.4%
121Jim Edmonds
41%
113Chili Davis
39.5%
107Rickey Henderson
38.8%
121Ken Caminiti
37.6%
117Ron Gant
34.9%
211Eric Karros
34.4%
119Javy Lopez
34.2%
117Mark Grace
34.1%
109John Olerud
32.5%
115Ellis Burks
29.3%
171Robin Ventura
28.3%
154Dean Palmer
26.5%
163Raul Mondesi
25.4%
181Ray Lankford
24.7%
139Ryan Klesko
23.4%
104Carlos Baerga
21.5%
110Darren Daulton
21.3%
149Travis Fryman
19.5%
100Jeromy Burnitz
18.6%
125Reggie Sanders
18.5%
112Mickey Tettleton
17.7%
124Todd Hundley
16%
104Bobby Higginson
13.8%
118John Valentin
11.8%
151Chris Hoiles
11.3%
105John Jaha
10.4%
101Matt Stairs
10.4%
103Rusty Greer
10.3%
113Ed Sprague
8.3%
105Dave Nilsson
3.8%

You're not logged in!

Compare scores with friends on all Sporcle quizzes.
OR
Log In

You Might Also Like...

Show Comments

Extras

Top Quizzes Today


Score Distribution

Your Account Isn't Verified!

In order to create a playlist on Sporcle, you need to verify the email address you used during registration. Go to your Sporcle Settings to finish the process.

Report this User

Report this user for behavior that violates our Community Guidelines.

Details: